Stephen Hawking y la búsqueda de una teoría del universo
Saved in:
| Hovedforfatter: | |
|---|---|
| Format: | Bog |
| Sprog: | spansk |
| Udgivet: |
Ciudad de México
Fondo de Cultura Económica
1994
|
| Serier: | Sección de obras de ciencia y tecnología
|
| Fag: | |
| Tags: |
Tilføj Tag
Ingen Tags, Vær først til at tagge denne postø!
|
MARC
| LEADER | 00000nam a2200000 a 4500 | ||
|---|---|---|---|
| 001 | UCY2640 | ||
| 003 | CL-VaPUC | ||
| 008 | 941109e19940000MX |||||||||||||||||spa|d | ||
| 082 | 0 | 4 | |a 530.092 |b FER |2 21 |
| 100 | 0 | |a Ferguson, Kitty |e author |9 330708 | |
| 245 | 1 | 0 | |a Stephen Hawking y la búsqueda de una teoría del universo |
| 300 | |a 141 p | ||
| 942 | |c BK | ||
| 945 | |d 19941109 00:00:00 |a mfernand | ||
| 260 | |a Ciudad de México |b Fondo de Cultura Económica |c 1994 | ||
| 600 | 0 | 7 | |a HAWKING, STEPHEN W |2 CL-VaPUC |9 321623 |
| 650 | 7 | |a FISICOS BIOGRAFIAS |2 CL-VaPUC |9 316644 | |
| 650 | 0 | |a Cosmología |9 269138 | |
| 583 | |a last modification |c 19941109 00:00:00 |k Rodrigo Vera | ||
| 490 | 0 | |a Sección de obras de ciencia y tecnología | |
| 999 | |c 230998 |d 230996 | ||
| 952 | |0 0 |1 0 |4 0 |6 530_092000000000000_FER_1994 |7 0 |8 A |9 233741 |a BIBCUR |b BIBCUR |d 2019-11-15 |i 3479919 |o 530.092 FER 1994 |p 3479919 |r 2025-04-22 |w 2019-11-15 |y BK |k FIS | ||